El Mundo naval ilustrado (Registro nro. 1502)

Detalles MARC
000 -LEADER
campo de control de longitud fija 01202nas a22003251i#4500
001 - NÚMERO DE CONTROL
campo de control 1502
003 - IDENTIFICADOR DE NÚMERO DE CONTROL
campo de control ES-MaACL
005 - FECHA Y HORA DE LA ÚLTIMA TRANSACCIÓN
campo de control 20250829180506.0
007 - CAMPO FIJO DE DESCRIPCIÓN FÍSICA--INFORMACIÓN GENERAL
campo de control de longitud fija t|
008 - DATOS DE LONGITUD FIJA--INFORMACIÓN GENERAL
campo de control de longitud fija 950801d18971900sp s|ypernn | a||pa d
022 ## - NÚMERO INTERNACIONAL NORMALIZADO PARA PUBLICACIONES SERIADAS
Número Internacional Normalizado para Publicaciones Seriadas 9954-8585
080 ## - NÚMERO DE LA CLASIFICACIÓN DECIMAL UNIVERSAL
Número de la Clasificación Decimal Universal (460)
080 ## - NÚMERO DE LA CLASIFICACIÓN DECIMAL UNIVERSAL
Número de la Clasificación Decimal Universal 65
245 03 - MENCIÓN DEL TÍTULO
Título El Mundo naval ilustrado
Resto del título : revista quincenal /
Mención de responsabilidad, etc. [director, Pedro Novo y Colson].
246 33 - FORMA VARIANTE DEL TITULO
Título propio/Titulo breve El Mundo naval ilustrado
Resto del título : Revista de navegación y comercio
260 ## - PUBLICACIÓN, DISTRIBUCIÓN, ETC.
Lugar de publicación, distribución, etc. Madrid :
Nombre del editor, distribuidor, etc. Imp. de los Hijos de M. G. Hernández,
Fecha de publicación, distribución, etc. 1897-1900.
300 ## - DESCRIPCIÓN FÍSICA
Extensión 4 v. :
Otras características físicas il., grab. ;
Dimensiones 37 cm.
310 ## - PERIODICIDAD ACTUAL
Periodicidad actual Decenal,
Fecha de comienzo de la periodicidad actual 10 febr.1900
321 ## - PERIODICIDAD ANTERIOR
Periodicidad anterior Quincenal,
Fechas de la periodicidad anterior 1897-(30 en.1900)
362 0# - FECHAS DE PUBLICACIÓN Y/O DESIGNACIÓN SECUENCIAL
Fecha de publicación y/o designación secuencial Año 1, t. 1(1may.1897)-(30 dic.1900)
580 ## - NOTA DE RELACIÓN COMPLEJA
Nota de relación compleja En 1900 comienza su 2ª época, con el n.1(15 en.1900). Desde 15 de enero de 1900 se funde con: "Revista de navegación y comercio"
650 #7 - PUNTO DE ACCESO ADICIONAL DE MATERIA--TÉRMINO DE MATERIA
Término de materia o nombre geográfico como elemento de entrada Arte y ciencia militar
Fuente del encabezamiento o término embne
9 (RLIN) 135619
650 14 - PUNTO DE ACCESO ADICIONAL DE MATERIA--TÉRMINO DE MATERIA
Término de materia o nombre geográfico como elemento de entrada Industria. Comunicaciones.
9 (RLIN) 13720
700 1# - ENTRADA AGREGADA--NOMBRE PERSONAL
Nombre de persona Novo y Colson, Pedro de,
Fechas asociadas al nombre 1846-1931
9 (RLIN) 86091
785 10 - ENTRADA/ENLACE A UN TÍTULO POSTERIOR
Título Revista de navegación y comercio
852 4# - LOCALIZACIÓN
Ubicación ES-MaACL
Número de control de estantería Z-9
Signatura antigua Olim: Hem-38
866 #0 - MENCIÓN TEXTUAL DE FONDOS--UNIDAD BIBLIOGRÁFICA BÁSICA
Fondos 1897-1900
942 ## - ELEMENTOS DE ENTRADA SECUNDARIOS (KOHA)
Fuente del sistema de clasificación o colocación Clasificación decimal universal
Existencias
Estatus retirado Estado de pérdida Fuente del sistema de clasificación o colocación Estado de daño No para préstamo Colección Biblioteca de origen Biblioteca actual Ubicación en estantería Fecha de adquisición Total de préstamos Signatura topográfica completa Código de barras Visto por última vez Precio de reemplazo Tipo de ítem Koha
    Clasificación decimal universal     Periódicos y Revistas Biblioteca del Ateneo de Madrid Biblioteca del Ateneo de Madrid Depósito 17/01/2008   Z-9 1001533 23/02/2023 23/02/2023 Revista